Southville International School and Colleges
Your cart is empty.
  • Cart
  • Lists
    Public lists Eva Luna New books Lux_list list_1
    Your lists Log in to create your own lists
  • Log in to your account
  • Your cookies
  • Search history
Southville International School and Colleges
  • Advanced search
  • Recent comments
  • Most popular
  • Libraries

Log in to your account

Log in with GOOGLE


If you do not have an external account, but do have a local account, you can still log in:

  1. Home
  2. MARC view: The eight suns of Asian service :
Normal view MARC view ISBD view

The eight suns of Asian service : (Record no. 14892)

[ view plain ]
MARC details
000 -LEADER
fixed length control field 00771cam a2200241 a 4500
001 - CONTROL NUMBER
control field 3045142
003 - CONTROL NUMBER IDENTIFIER
control field PILC
005 - DATE AND TIME OF LATEST TRANSACTION
control field 20150112093445.0
008 - FIXED-LENGTH DATA ELEMENTS--GENERAL INFORMATION
fixed length control field 021121s2003 si a 000 0 eng d
020 ## - INTERNATIONAL STANDARD BOOK NUMBER
International Standard Book Number 0130083704 (pbk.)
040 ## - CATALOGING SOURCE
Original cataloging agency NLB
Language of cataloging eng
Transcribing agency NLB
Modifying agency SIM
043 ## - GEOGRAPHIC AREA CODE
Geographic area code a------
050 ## - LIBRARY OF CONGRESS CALL NUMBER
Classification number HF 5415.5
Item number .F855 2003
082 04 - DEWEY DECIMAL CLASSIFICATION NUMBER
Classification number MkSFr 658.812
Item number F87 2003
100 1# - MAIN ENTRY--PERSONAL NAME
Personal name Freemantle, David.
9 (RLIN) 23178
245 14 - TITLE STATEMENT
Title The eight suns of Asian service :
Remainder of title practising outstanding customer service in Asia /
Statement of responsibility, etc David Freemantle
260 ## - PUBLICATION, DISTRIBUTION, ETC. (IMPRINT)
Place of publication, distribution, etc Singapore :
Name of publisher, distributor, etc Prentice Hall,
Date of publication, distribution, etc 2003.
300 ## - PHYSICAL DESCRIPTION
Extent 169 pages :
Other physical details illustration ;
Dimensions 22 cm.
650 #0 - SUBJECT ADDED ENTRY--TOPICAL TERM
Topical term or geographic name as entry element Customer services
Geographic subdivision Asia.
9 (RLIN) 23179
650 #0 - SUBJECT ADDED ENTRY--TOPICAL TERM
Topical term or geographic name as entry element Service industries
Geographic subdivision Asia.
9 (RLIN) 23180
942 ## - ADDED ENTRY ELEMENTS (KOHA)
Source of classification or shelving scheme Library of Congress Classification
Koha item type Books
Holdings
Withdrawn status Lost status Source of classification or shelving scheme Damaged status Home library Current library Shelving location Date acquired Total Checkouts Full call number Barcode Date last seen Date checked out Copy number Price effective from Koha item type
    Library of Congress Classification   Southville International School Affiliated with Foreign Universities Library Southville International School Affiliated with Foreign Universities Library Southville Foreign University Section 10/03/2013 1 HF 5415.5 .F855 2003 SFU1294 05/15/2018 08/17/2015 1 10/03/2013 Books

The eight suns of Asian service :

APA

Freemantle D., . (2003). The eight suns of Asian service. Singapore: Prentice Hall.

Chicago

Freemantle David, . 2003. The eight suns of Asian service. Singapore: Prentice Hall.

Harvard

Freemantle D., . (2003). The eight suns of Asian service. Singapore: Prentice Hall.

MLA

Freemantle David, . The eight suns of Asian service. Singapore: Prentice Hall. 2003.

  • Place hold
  • Print
  • Cite
  • Add to your cart (remove)
  • Save record
    BIBTEX Dublin Core MARCXML MARC (non-Unicode/MARC-8) MARC (Unicode/UTF-8) MARC (Unicode/UTF-8, Standard) MODS (XML) RIS
  • More searches
    Search for this title in:
    Other Libraries (WorldCat) Other Databases (Google Scholar) Online Stores (Bookfinder.com) Open Library (openlibrary.org)

Exporting to Dublin Core...

SOUTHVILLE LIBRARY

Southville International School and Colleges Library

1281 Tropical Ave. Cor. Luxembourg St., BF Homes International, Las Pinas City

Tel. No. 8256374 / 252358 Loc. 117/146

Powered by Koha